| 000 | 01520nam a22003134a 4500 | ||
|---|---|---|---|
| 001 | 522 | ||
| 003 | BR-RjBN | ||
| 005 | 20260522152455.0 | ||
| 008 | 240403s2024 sp 000 f por d | ||
| 020 | _a9788525061003 | ||
| 040 |
_bpor _aBR-IBIA _cBR-IBIA _erda |
||
| 041 | 1 |
_apor _heng |
|
| 082 |
_a823 _bB873m |
||
| 100 | 1 | _aBrooks, Geraldine. | |
| 240 | 1 | 0 | _aPeople of the Book. |
| 245 | 1 | 3 |
_aAs memórias do livro / _cGeraldine Brooks. |
| 260 |
_aSão Paulo : _bGlobo Livros, _c2024. |
||
| 300 |
_a376 p. ; _c23 cm. |
||
| 500 | _aInspirado em fatos reais. | ||
| 520 | _aA especialista australiana em livros raros Hanna Heath é convocada para restaurar e investigar a famosa Hagadá de Sarajevo, manuscrito judaico resgatado durante a guerra da Bósnia. Ao encontrar pequenos vestígios escondidos entre as páginas — como manchas de vinho, cristais de sal e um fio de cabelo —, Hanna começa a reconstruir a trajetória do livro ao longo dos séculos, revelando histórias de exílio, coragem, perseguição e sobrevivência. Paralelamente à investigação histórica, a protagonista enfrenta questões pessoais e revisita os fantasmas de seu passado. Inspirado em uma história real, o romance combina narrativa histórica, mistério e drama contemporâneo. | ||
| 650 | 0 |
_aLiteratura australiana. _9219 |
|
| 650 | 0 | _aRomance histórico. | |
| 650 | 0 | _aLivros raros. | |
| 650 | 0 | _aGuerra da Bósnia. | |
| 650 | 0 | _aJudaísmo. | |
| 655 | 0 |
_aRomance. _923 |
|
| 655 | 0 |
_aFicção. _922 |
|
| 942 |
_2ddc _n0 _cBK |
||
| 999 |
_c522 _d522 |
||